Loading...

Management of agricultural cooperatives with special reference to multipurpose cooperatives

Bibliographic Details
Main Author: Gunawardana, L
Format: Printed Book
Language:Undetermined
English
Published: New Delhi International cooperative Alliance 1978
LEADER 00585nam a2200157Ia 4500
008 140306s9999 xx 000 0 und d
041 |a eng 
082 |a 658  |b GUN/MA 
100 |a Gunawardana, L 
245 |a Management of agricultural cooperatives with special reference to multipurpose cooperatives 
260 |a New Delhi  |b International cooperative Alliance  |c 1978 
300 |a 36 
365 |b Rs.5 
942 |2 ddc  |c BK 
999 |c 106858  |d 106858 
952 |0 0  |1 0  |2 ddc  |4 0  |6 658_000000000000000_GUNMA  |7 0  |9 103964  |a KAUHCV  |b KAUHCV  |d 2004-03-18  |g 5.00  |o 658 GUN/MA  |p KAU_HCV-17226  |r 2014-03-22  |w 2014-03-22  |y BK